000 01010nam a2200289 a 4500
001 BRCA_7555
005 20190320205903.0
008 040613s1999----sp-a######---#000-0#spa-#
020 _a8470306537
041 _aspa
044 _asp
050 4 _aB4561
_b.F56 1999
100 1 _aFlor, Fernando R. de la
_d1951-
_918633
245 1 0 _aLa península metafísica
_barte, literatura y pensamiento en la España de la contrarreforma
_cFernando R. de la Flor.
260 _aMadrid
_bBiblioteca nueva
_c1999
300 _a411 p.
_bil.
_c28 cm.
440 0 _aColección Metrópoli
_pLos espacios de la arquitectura
_v7
_918634
500 _aEjemplar engargolado
500 _aPor política no se presta a domicilio
504 _aIncluye referencias bibliográficas
650 1 4 _aFilosofía española
_xHistoria
_918635
650 1 4 _aArte
_xHistoria
_zEspaña
_918416
650 1 4 _aLiteratura española
_xHistoria y crítica
_918636
651 4 _aEspaña
_xVida intelectual
_918637
902 _aeng
942 _2lcc
_cB
999 _c7229
_d7229